000 00291nam a2200133Ia 4500
100 _aProskuryakov/ I.V.
942 _cBK
654 _amechanics
245 _aProblems in linear algebra
260 _bMir Publishers
_aMoscow
_c1978
082 _a572.5
300 _a453
546 _aENGLISH
999 _c33934
_d33934